书目信息 |
| 题名: |
教师招聘考试专用教材
|
|
| 作者: | ;中公教育教师招聘考试研究院 编著 | |
| 分册: | 学科专业知识 | |
| 出版信息: | 北京 世界图书出版公司北京公司 2017 |
|
| 页数: | 354页 | |
| 开本: | 28cm | |
| 丛书名: | ||
| 单 册: | ||
| 中图分类: | G451.1 , G623.503 | |
| 科图分类: | ||
| 主题词: | 教师--jiao shi--招聘--考核--教材 , 小学数学课--xiao xue shu xue ke--小学教师--招聘--考核--教材 | |
| 电子资源: | ||
| ISBN: | 978-7-5100-4249-2 | |
| 000 | 01139nam 2200289 45 | |
| 001 | 012001004830 | |
| 005 | 20140125114810.0 | |
| 010 | @a978-7-5100-4249-2@dCNY54.00 | |
| 099 | @aCAL 012013016374 | |
| 100 | @a20130206d2012 em y0chiy50 ea | |
| 101 | 0 | @achi |
| 102 | @aCN@b110000 | |
| 105 | @aak z 000yy | |
| 106 | @ar | |
| 200 | 1 | @a教师招聘考试专用教材@Ajiao shi zhao pin kao shi zhuan yong jiao cai@e2013中公版@i学科专业知识@i小学数学@f中公教育教师招聘考试研究院编著 |
| 210 | @a北京@c世界图书出版公司北京公司@d2017 | |
| 215 | @a354页@c图@d28cm | |
| 300 | @a严格依据教师招聘考试大纲修订 | |
| 330 | @a本书分为初等数学、高等数学、小学数学课程与教学论三部分, 具体内容包括: 数与代数 ; 空间与图形 ; 统计与概率 ; 应用题等。 | |
| 517 | 1 | @a学科专业知识@Axue ke zhuan ye zhi shi |
| 606 | 0 | @a教师@Ajiao shi@x招聘@x考核@j教材 |
| 606 | 0 | @a小学数学课@Axiao xue shu xue ke@x小学教师@x招聘@x考核@j教材 |
| 690 | @aG451.1@v5 | |
| 690 | @aG623.503@v5 | |
| 711 | 02 | @a中公教育教师招聘考试研究院@Azhong gong jiao yu jiao shi zhao pin kao shi yan jiu yuan@4编著 |
| 801 | 0 | @b江苏凤凰@c20191020 |
| 905 | @b1239524-9@dG451.1@e361@f6 | |
| 教师招聘考试专用教材:2013中公版.学科专业知识.小学数学/中公教育教师招聘考试研究院编著.-北京:世界图书出版公司北京公司,2017 |
| 354页:图;28cm |
| 严格依据教师招聘考试大纲修订 |
| ISBN 978-7-5100-4249-2:CNY54.00 |
| 本书分为初等数学、高等数学、小学数学课程与教学论三部分, 具体内容包括: 数与代数 ; 空间与图形 ; 统计与概率 ; 应用题等。 |
| ● |
| 相关链接 |
|
|
|
|
正题名:教师招聘考试专用教材
索取号:G451.1/361
 
预约/预借
| 序号 | 登录号 | 条形码 | 馆藏地/架位号 | 状态 | 备注 |
| 1 | 1239524 | 212395246 | 第一样本阅览室/ [索取号:G451.1/361] | 在馆 | |
| 2 | 1239525 | 212395255 | 教育系资料室/ [索取号:G451.1/361] | 在馆 | |
| 3 | 1239526 | 212395264 | 教育系资料室/ [索取号:G451.1/361] | 在馆 | |
| 4 | 1239527 | 212395273 | 教育系资料室/ [索取号:G451.1/361] | 在馆 | |
| 5 | 1239528 | 212395282 | 第四借阅区/ [索取号:G451.1/361] | 在馆 | |
| 6 | 1239529 | 212395291 | 第四借阅区/ [索取号:G451.1/361] | 在馆 |